<?xml version="1.0" encoding="UTF-8"?>
<record
    xmlns:xsi="http://www.w3.org/2001/XMLSchema-instance"
    xsi:schemaLocation="http://www.loc.gov/MARC21/slim http://www.loc.gov/standards/marcxml/schema/MARC21slim.xsd"
    xmlns="http://www.loc.gov/MARC21/slim">

  <leader>00907nam a2200133   4500</leader>
  <controlfield tag="008">707 AY989c</controlfield>
  <datafield tag="082" ind1=" " ind2=" ">
    <subfield code="a">707</subfield>
    <subfield code="b">AY989c</subfield>
  </datafield>
  <datafield tag="100" ind1=" " ind2=" ">
    <subfield code="a">El Matadero</subfield>
    <subfield code="9">7057</subfield>
  </datafield>
  <datafield tag="245" ind1=" " ind2=" ">
    <subfield code="a">Centro de Residencias Art&#xED;sticas </subfield>
  </datafield>
  <datafield tag="260" ind1=" " ind2=" ">
    <subfield code="a">Madrid</subfield>
    <subfield code="b">Matadero Madrid</subfield>
    <subfield code="c">2018</subfield>
  </datafield>
  <datafield tag="300" ind1=" " ind2=" ">
    <subfield code="a">32 p.</subfield>
    <subfield code="b">il. (col)</subfield>
    <subfield code="c">21 x 14,8 cm</subfield>
  </datafield>
  <datafield tag="505" ind1=" " ind2=" ">
    <subfield code="t">Espacios de trabajo para agentes de la ciudad</subfield>
    <subfield code="t">Programa de residencias art&#xED;sticas de Matadero Madrid -AECID</subfield>
    <subfield code="t">Programa de residentes de investigaci&#xF3;n colaborativa</subfield>
    <subfield code="t">Grupo de educaci&#xF3;n</subfield>
    <subfield code="t">Grupo de estudio de ecolog&#xED;as</subfield>
    <subfield code="t">Espacio AfroConciencias</subfield>
    <subfield code="t">Programa de residencias de creadores en escuelas de Levadura </subfield>
    <subfield code="t">Programa piloto de residencias musicales</subfield>
    <subfield code="t">Residencias de pensamiento</subfield>
    <subfield code="t">Archivo de creadores</subfield>
    <subfield code="t">Actividades educativas para todos los p&#xFA;blicos</subfield>
    <subfield code="t">Espacio de aventuras Ciudad Diwo</subfield>
    <subfield code="t">Arte Mayor</subfield>
    <subfield code="t">Comit&#xE9; adolescente</subfield>
    <subfield code="t">Aprendanza</subfield>
  </datafield>
  <datafield tag="650" ind1=" " ind2=" ">
    <subfield code="x">arte contempor&#xE1;neo</subfield>
    <subfield code="x">residencias art&#xED;sticas</subfield>
    <subfield code="x">Matadero Madrid</subfield>
    <subfield code="9">7058</subfield>
  </datafield>
  <datafield tag="999" ind1=" " ind2=" ">
    <subfield code="c">1795</subfield>
    <subfield code="d">1795</subfield>
  </datafield>
  <datafield tag="952" ind1=" " ind2=" ">
    <subfield code="0">0</subfield>
    <subfield code="1">0</subfield>
    <subfield code="2">ddc</subfield>
    <subfield code="4">0</subfield>
    <subfield code="7">0</subfield>
    <subfield code="a">LV</subfield>
    <subfield code="b">LV</subfield>
    <subfield code="c">Pensamiento</subfield>
    <subfield code="d">2019-05-30</subfield>
    <subfield code="l">0</subfield>
    <subfield code="o">707 AY989c</subfield>
    <subfield code="p">004782</subfield>
    <subfield code="r">2019-05-30 00:00:00</subfield>
    <subfield code="w">2019-05-30</subfield>
    <subfield code="y">01</subfield>
  </datafield>
</record>
